[Event "GER MS-168 email"]
[Site "GER email"]
[Date "2012.11.14"]
[Round "?"]
[White "Muller, Achim"]
[Black "Fabig, Holger"]
[Result "1-0"]
[WhiteElo "2032"]
[BlackElo "2056"]
[PlyCount "79"]
[EventDate "2012.11.02"]
[EventType "tourn (corr)"]
[EventRounds "6"]
[EventCountry "GER"]
[SourceTitle "Corr 2015"]
[Source "ChessBase"]
[SourceDate "2015.07.17"]
[SourceVersion "1"]
[SourceVersionDate "2015.07.17"]
[SourceQuality "1"]

1. e4 c5 2. Nc3 Nc6 3. Nf3 g6 4. Bb5 Bg7 5. 0-0 d6 6. e5 dxe5 7. Bxc6+ bxc6 8. Re1 f6 9. d3 Nh6 10. Be3 Rb8 11. Bxc5 Rxb2 12. Qc1 Rb7 13. Qa3 Nf5 14. Rab1 Qd7 15. Rxb7 Qxb7 16. Rb1 Qc7 17. Bxa7 Be6 18. Bb6 Qd7 19. Ne4 Kf7 20. Qb4 Ra8 21. a4 Bd5 22. a5 Qc8 23. Qa4 Nd6 24. Bc5 Nb5 25. Nfd2 f5 26. Ng5+ Kg8 27. Qb4 h6 28. c4 Nc7 29. Bb6 Bf6 30. Bxc7 Qxc7 31. cxd5 Bxg5 32. Qb6 Qxb6 33. axb6 cxd5 34. Nb3 e4 35. g3 Bf6 36. b7 Re8 37. d4 Kf7 38. Na5 Bxd4 39. Nc6 Bc5 40. b8Q 1-0

[Event "GER MS-168 email"]
[Site "GER email"]
[Date "2012.11.14"]
[Round "?"]
[White "Muller, Achim"]
[Black "Langer, Michael S"]
[Result "1/2-1/2"]
[WhiteElo "2032"]
[BlackElo "2176"]
[PlyCount "37"]
[EventDate "2012.11.02"]
[EventType "tourn (corr)"]
[EventRounds "6"]
[EventCountry "GER"]
[SourceTitle "Corr 2015"]
[Source "ChessBase"]
[SourceDate "2015.07.17"]
[SourceVersion "1"]
[SourceVersionDate "2015.07.17"]
[SourceQuality "1"]

1. e4 c6 2. d4 d5 3. exd5 cxd5 4. Bd3 Nc6 5. c3 Qc7 6. h3 Nf6 7. Nf3 g6 8. 0-0 Bf5 9. Re1 Bxd3 10. Qxd3 Bg7 11. Ne5 0-0 12. Nd2 Nxe5 13. Rxe5 e6 14. Re2 Rac8 15. a4 Rfe8 16. Nf3 Ne4 17. Ng5 Nf6 18. Nf3 Ne4 19. Ng5 1/2-1/2

[Event "GER MS-168 email"]
[Site "GER email"]
[Date "2012.11.14"]
[Round "?"]
[White "Richter, Marko"]
[Black "Muller, Achim"]
[Result "1/2-1/2"]
[WhiteElo "2075"]
[BlackElo "2032"]
[PlyCount "56"]
[EventDate "2012.11.02"]
[EventType "tourn (corr)"]
[EventRounds "6"]
[EventCountry "GER"]
[SourceTitle "Corr 2015"]
[Source "ChessBase"]
[SourceDate "2015.07.17"]
[SourceVersion "1"]
[SourceVersionDate "2015.07.17"]
[SourceQuality "1"]

1. e4 c5 2. Nf3 Nc6 3. d4 cxd4 4. Nxd4 e5 5. Nb5 d6 6. N1c3 a6 7. Na3 b5 8. Nd5 Nf6 9. Bg5 Be7 10. Bxf6 Bxf6 11. c3 Bg5 12. Nc2 0-0 13. a4 bxa4 14. Rxa4 a5 15. Bc4 Rb8 16. b3 Kh8 17. 0-0 f5 18. exf5 Bxf5 19. Nce3 Bg6 20. Qe2 e4 21. Rfa1 Qc8 22. Bb5 h6 23. Bxc6 Qxc6 24. Qd1 Bxe3 25. Nxe3 Qxc3 26. Qxd6 Kh7 27. Rxa5 Qxb3 28. h3 Rbd8 1/2-1/2

[Event "GER MS-163 email"]
[Site "GER email"]
[Date "2012.07.24"]
[Round "?"]
[White "Schild, Reinhard"]
[Black "Muller, Achim"]
[Result "1/2-1/2"]
[WhiteElo "1926"]
[BlackElo "2149"]
[PlyCount "63"]
[EventDate "2012.07.30"]
[EventType "tourn (corr)"]
[EventRounds "6"]
[EventCountry "GER"]
[SourceTitle "Corr 2015"]
[Source "ChessBase"]
[SourceDate "2015.07.17"]
[SourceVersion "1"]
[SourceVersionDate "2015.07.17"]
[SourceQuality "1"]

1. d4 Nf6 2. c4 e6 3. g3 d5 4. Bg2 dxc4 5. Nf3 a6 6. 0-0 Nc6 7. Nc3 Rb8 8. e4 Be7 9. Qe2 Nxd4 10. Nxd4 Qxd4 11. Rd1 Qc5 12. Be3 Qa5 13. Qxc4 0-0 14. a3 c6 15. e5 Nd7 16. f4 Nb6 17. Qd3 Nd5 18. Bd4 Rd8 19. b4 Qc7 20. Rac1 a5 21. Nb5 Qd7 22. Bxd5 exd5 23. e6 fxe6 24. Be5 b6 25. Bxb8 Ba6 26. Qe3 Bxb5 27. Qxb6 axb4 28. axb4 Bxb4 29. Be5 Qe7 30. Kg2 Kf7 31. Bd4 Bd6 32. Qa5 1/2-1/2